00721nam a2200253 a 4500001001300000003000900013005001700022008004100039020000800080082001300088100001700101245002700118260003700145300000900182500003500191505001000226650003600236700002200272700002100294902000800315942000700323952012400330999001300454nice12345678IN_TiNIC20260116011338.0050524s1950 newa grp 000 0 eng  ac000a973bCUR aCurti, Merle aAmerican History Vol.2 aNew York bHarper and Row c1950 a683p aincludes index and biblioraphy2 aIndex aUnited State of America-History1 aRichard H Shryock1 aThomas C Cochran bSRS cBK 001040708StackRoom-aHMIbHMId2005-05-24g0.00l3m6o973 CURp02290r2025-07-15s2016-04-07v0.00w2005-05-24yBK c704d704